| 000 | 00351nam a22001217a 4500 | ||
|---|---|---|---|
| 020 | _a0-471-89673 | ||
| 082 | _a620.001515 RED'E | ||
| 100 |
_aREDDY J.N _98848 |
||
| 245 | _aENERGY AND VARIATIONAL METHODS IN APPLIED MECHANICS, WITH AN INTRODUCTION TO THE FINITE ELEMENT METHOD | ||
| 260 |
_aNEWYORK _bJHON WILEY _c1984 |
||
| 300 | _a545P | ||
| 942 | _cBK | ||
| 999 |
_c581908 _d581908 |
||